Statistics for NBA Top 40 Most 3 Pointers In a Season

Click here to take the quiz!

General Stats

  • This quiz has been taken 1,011 times
  • The average score is 18 of 42

Answer Stats

RankYear3PMPlayer% Correct
12015-16402Steph Curry
100%
42012-13272Steph Curry
100%
72013-14261Steph Curry
100%
22014-15286Steph Curry
100%
112014-15239Klay Thompson
87%
32015-16276Klay Thompson
87%
332012-13211Klay Thompson
87%
232013-14223Klay Thompson
87%
362004-05209Ray Allen
87%
152001-02229Ray Allen
87%
52005-06269Ray Allen
87%
1996-97229Reggie Miller
77%
122015-16236James Harden
70%
382014-15208James Harden
70%
252014-15221Kyle Korver
53%
2004-05226Kyle Korver
53%
292013-14218Damien Lillard
42%
2015-16229Damien Lillard
42%
342001-02210Paul Pierce
42%
102003-04240Peja Stojakovic
26%
2007-08231Peja Stojakovic
26%
2015-16210Paul George
24%
322015-16212Kyle Lowry
18%
242001-02222Antoine Walker
17%
2000-01221Antoine Walker
17%
391996-97207Glen Rice
15%
212004-05225Damon Jones
14%
402004-05205Gilbert Arenas
14%
2006-07205Gilbert Arenas
14%
92007-08243Jason Richardson
14%
282008-09220Rashard Lewis
13%
182007-08226Rashard Lewis
13%
1995-96225Mitch Richmond
12%
2004-05226Quentin Richmond
12%
61995-96267Dennis Scott
11%
312012-13213Ryan Anderson
11%
301994-95217John Starks
9%
2006-07205Reja Bell
8%
2009-10209Aaron Brooks
4%
81995-96257George McCloud
4%
1995-97221Mookie Blaylock
4%
131995-96231Mookie Blaylock
4%

Score Distribution

Percentile by Number Answered

Percent of People with Each Score

Your Score History

You have not taken this quiz